000 00676nam a2200181 a 4500
001 000042140
005 20201002035950.0
008 131114p2007 pr c 000 j spa d
020 _a1932913289
040 _aDO-SdBNP
_bspa
_cBNPHU
082 _aPR863.44
_bR383c
245 0 0 _aRelatos en espiga. :
_bcuentos del grupo guajana /
_cselección, investigación, notas y bibliografía, Reynaldo Marcos Padua.
260 _aSan Juan, Puerto Rico, :
_bHuracán,40967,
_c2007.
300 _a232 p. :
_bretrs. ;
_c23 cm.
650 4 _aCuentos puertorriqueños
_xLiteratura puertorriqueños
_969136
700 1 2 _aPadua, Reynaldo Marcos
_969131
910 _aValidado. Control de calidad MFF
999 _c41629
_d41629